წინადადების ზოგიერთი მეორეხარისხოვანი წევრის სწავლების საკითხები 7 კლასში : (ბიბ.ჩანაწერი № 53287)
[ მარტივი ფორმატი ]
| 000 -ლიდერი | |
|---|---|
| ფიქსირებული სიგრძის საკონტროლო ველი | 01527nam a2200241Ia 4500 |
| 001 - საკონტროლო ნომერი | |
| საკონტროლო ველი | 20328 |
| 003 - საკონტროლო ნომრის იდენტიფიკატორი | |
| საკონტროლო ველი | GE_BSU |
| 005 - ბოლო ოპერაციის თარიღი და დრო | |
| საკონტროლო ველი | 20200911203834.0 |
| 008 - ფიქსირებული სიგრძის მონაცემთა ელემენტები - ზოგადი ინფორმაცია | |
| ფიქსირებული სიგრძის საკონტროლო ველი | 181216s1981||||ge |||||||||||||| ||geo|| |
| 040 ## - კატალოგიზაციის წყარო | |
| Transcribing agency | GE_BSU |
| 041 ## - ენის კოდი | |
| Language code of text/sound track or separate title | geo |
| 080 ## - უნივერსალური ათობითი კლასიფიკაციის ინდექსი | |
| Universal Decimal Classification number | 811.353.1 ს-69 |
| 100 ## - მთავარი ჩანაწერი - პიროვნების სახელი | |
| Personal name | სორდია, ჟ. |
| 9 (RLIN) | 9519 |
| 245 ## - ცნობა სათაურის შესახებ | |
| Title | წინადადების ზოგიერთი მეორეხარისხოვანი წევრის სწავლების საკითხები 7 კლასში : |
| Remainder of title | სტუდენტთა და მასწავლებელთა დასახმარებლად / |
| Statement of responsibility, etc | ჟ. სორდია ; რედ. შ. ნიჟარაძე. |
| 264 ## - წარმოების, გამოცემის, დისტრიბუციის და სხვა ცნობები | |
| გამოცემის, წარმოების, დისტრიბუციის... ადგილი | თბილისი : |
| გამოცემის, წარმოების, დისტრიბუციის... სახელწოდება | უნ-ტის გამ-ბა, |
| გამოცემის, წარმოების, დისტრიბუციის... თარიღი | 1981. |
| 300 ## - ფიზიკური აღწერა | |
| Extent | 114 გვ. ; |
| Dimensions | 20 სმ. |
| 653 ## - INDEX TERM--UNCONTROLLED | |
| Uncontrolled term | ქართული ენა |
| 653 ## - INDEX TERM--UNCONTROLLED | |
| Uncontrolled term | წინადადების ზოგიერთი მეორეხარისხოვანი წევრის სწავლების საკითხები 7 კლასში |
| 700 ## - ADDED ENTRY--PERSONAL NAME | |
| Personal name | ნიჟარაძე, შ. |
| Relator term | რედაქტორი |
| 9 (RLIN) | 9520 |
| 710 ## - ADDED ENTRY--CORPORATE NAME | |
| Corporate name or jurisdiction name as entry element | საქართველოს სსრ უმაღლესი და საშუალო სპეციალური განათლების სამინისტროს |
| Relator term | სამეცნიერო-მეთოდური კაბინეტი |
| 9 (RLIN) | 9521 |
| 942 ## - ADDED ENTRY ELEMENTS (KOHA) | |
| Koha item type | წიგნი |
| Source of classification or shelving scheme | |
| ჩამოწერის სტატუსი | დაკარგული ეგზემპლარის სტატუსი | კლასიფიკაციის წყარო ან თაროზე გაწყობის სქემა | დაზიანების სტატუსი | არ გაიცემა | მუდმივი მდებარეობა (დაცვის ადგილი) | ამჟამინდელი ადგილსამყოფელი | თაროზე განთავსების ადგილი | შეძენის თარიღი | ღირებულება, შესყიდვის ნორმალური ფასი | სრული შენახვის შიფრი | შტრიხკოდი | ბოლო ოპერაციის თარიღი | ეგზემპლარის მიმდევრობითი ნომერი (კეტერი?) | ფასის ძალაში შესვლის თარიღი | ეგზემპლარის სახეობა | საჯარო შენიშვნა |
|---|---|---|---|---|---|---|---|---|---|---|---|---|---|---|---|---|
| ბათუმის შოთა რუსთაველის სახელმწიფო უნივერსიტეტის მთავარი ბიბლიოთეკა | ბათუმის შოთა რუსთაველის სახელმწიფო უნივერსიტეტის მთავარი ბიბლიოთეკა | წიგნსაცავი | 2018-12-17 | 0.50 | 811.353.1 ს-69 | 53125 | 2018-12-17 | 53125 | 2018-12-17 | წიგნი | 0.50 ლ. | |||||
| ბათუმის შოთა რუსთაველის სახელმწიფო უნივერსიტეტის მთავარი ბიბლიოთეკა | ბათუმის შოთა რუსთაველის სახელმწიფო უნივერსიტეტის მთავარი ბიბლიოთეკა | წიგნსაცავი | 2018-12-17 | 0.50 | 811.353.1 ს-69 | 53126 | 2018-12-17 | 53126 | 2018-12-17 | წიგნი | 0.50 ლ. | |||||
| ბათუმის შოთა რუსთაველის სახელმწიფო უნივერსიტეტის მთავარი ბიბლიოთეკა | ბათუმის შოთა რუსთაველის სახელმწიფო უნივერსიტეტის მთავარი ბიბლიოთეკა | წიგნსაცავი | 2018-12-17 | 0.50 | 811.353.1 ს-69 | 53127 | 2018-12-17 | 53127 | 2018-12-17 | წიგნი | 0.50 ლ. | |||||
| ბათუმის შოთა რუსთაველის სახელმწიფო უნივერსიტეტის მთავარი ბიბლიოთეკა | ბათუმის შოთა რუსთაველის სახელმწიფო უნივერსიტეტის მთავარი ბიბლიოთეკა | წიგნსაცავი | 2018-12-17 | 0.50 | 811.353.1 ს-69 | 53128 | 2018-12-17 | 53128 | 2018-12-17 | წიგნი | 0.50 ლ. | |||||
| ბათუმის შოთა რუსთაველის სახელმწიფო უნივერსიტეტის მთავარი ბიბლიოთეკა | ბათუმის შოთა რუსთაველის სახელმწიფო უნივერსიტეტის მთავარი ბიბლიოთეკა | წიგნსაცავი | 2018-12-17 | 0.50 | 811.353.1 ს-69 | 53129 | 2018-12-17 | 53129 | 2018-12-17 | წიგნი | 0.50 ლ. | |||||
| ბათუმის შოთა რუსთაველის სახელმწიფო უნივერსიტეტის მთავარი ბიბლიოთეკა | ბათუმის შოთა რუსთაველის სახელმწიფო უნივერსიტეტის მთავარი ბიბლიოთეკა | წიგნსაცავი | 2018-12-17 | 0.50 | 811.353.1 ს-69 | 53130 | 2018-12-17 | 53130 | 2018-12-17 | წიგნი | 0.50 ლ. | |||||
| ბათუმის შოთა რუსთაველის სახელმწიფო უნივერსიტეტის მთავარი ბიბლიოთეკა | ბათუმის შოთა რუსთაველის სახელმწიფო უნივერსიტეტის მთავარი ბიბლიოთეკა | წიგნსაცავი | 2018-12-17 | 0.50 | 811.353.1 ს-69 | 53131 | 2018-12-17 | 53131 | 2018-12-17 | წიგნი | 0.50 ლ. | |||||
| ბათუმის შოთა რუსთაველის სახელმწიფო უნივერსიტეტის მთავარი ბიბლიოთეკა | ბათუმის შოთა რუსთაველის სახელმწიფო უნივერსიტეტის მთავარი ბიბლიოთეკა | წიგნსაცავი | 2018-12-17 | 0.50 | 811.353.1 ს-69 | 53132 | 2018-12-17 | 53132 | 2018-12-17 | წიგნი | 0.50 ლ. |
